000
00371nam a2200145Ia 4500
008
231129s1983||||xx |||||||||||||| ||spa||
020
_a
84-86061-23-7
040
_b
spa
082
_a
R 649.10242 N248L
100
_a
Nash Barbara
245
0
_a
El libro de oro del niƱo
260
_c
1983
264
_a
Dismail
942
_2
ddc
_c
BKS
999
_c
11543
_d
11543